Loading...
| Other - Geo/CE | 0 | 5 | 0 | 4 | 50 | 75 | 118.20 | 1 | 5 |
| Arts - Painting | 0 | 5 | 0 | 1 | 50 | 74 | 104.60 | 2 | 5 |
| Other - Pop Culture | 1 | 3 | 0 | 3 | 45 | 19 | 105.75 | 0 | 4 |
| History - Euro History | 0 | 3 | 0 | 1 | 30 | 94 | 104.33 | 1 | 3 |
| History - Other History | 0 | 3 | 0 | 0 | 30 | 70 | 82.00 | 2 | 3 |
| Thought - Philosophy | 0 | 3 | 0 | 0 | 30 | 90 | 99.00 | 1 | 3 |
| Literature - World Lit | 0 | 3 | 1 | 1 | 25 | 89 | 105.33 | 1 | 3 |
| Thought - Social Science | 0 | 2 | 0 | 0 | 20 | 105 | 110.00 | 1 | 2 |
| Arts - Other Arts | 1 | 1 | 1 | 1 | 20 | 39 | 88.00 | 1 | 2 |
| Beliefs - Religion | 0 | 2 | 0 | 0 | 20 | 68 | 70.00 | 2 | 2 |
| History - American History | 0 | 2 | 0 | 1 | 20 | 115 | 122.50 | 2 | 2 |
| Literature - British Lit | 0 | 2 | 0 | 1 | 20 | 120 | 128.00 | 1 | 2 |
| Arts - Music | 0 | 2 | 0 | 1 | 20 | 126 | 133.00 | 1 | 2 |
| History - World History | 0 | 3 | 3 | 2 | 15 | 125 | 127.00 | 0 | 3 |
| Other - Other Academic | 0 | 1 | 0 | 0 | 10 | 103 | 103.00 | 1 | 1 |
| Science - Biology | 0 | 1 | 0 | 0 | 10 | 119 | 119.00 | 0 | 1 |
| Beliefs - Mythology | 0 | 1 | 0 | 0 | 10 | 94 | 94.00 | 1 | 1 |
| Literature - Euro Lit | 0 | 1 | 0 | 1 | 10 | 123 | 123.00 | 0 | 1 |